Heroes Of Might & Magic III Neutral Creatures Quiz - Statistics

General Stats
  • This quiz has been taken 48 times
  • The average score is 10 of 15
Answer Stats
Level Creature % Correct
7 Azure Dragon
86%
1 Peasant
86%
7 Rust Dragon
86%
7 Crystal Dragon
81%
6 Diamond golem
73%
5 Gold golem
73%
2 Boar
68%
3 Nomad
68%
4 Sharpshooter
65%
5 Troll
65%
3 Mummy
62%
6 Enchanter
57%
7 Faerie Dragon
51%
2 Rogue
51%
1 Halfing
22%
No matching quizzes found
Score Distribution
Percent of People with Each Score
Percentile by Number Answered
Your Score History
You have not taken this quiz